[Event "Gibtelecom Masters 8th"]
[Site "Gibraltar"]
[Date "2010.01.27"]
[Round "3.91"]
[White "Hartvig, Ove Weiss"]
[Black "Jacobsen, Fredrik Beer"]
[Result "1/2-1/2"]
[WhiteElo "2245"]
[BlackElo "1952"]
[PlyCount "107"]
[EventDate "2010.01.26"]
[EventType "swiss"]
[EventRounds "10"]
[EventCountry "GGB"]
[SourceDate "2005.02.07"]

1. e4 e5 2. Nf3 Nc6 3. Bb5 a6 4. Bxc6 dxc6 5. O-O Bg4 6. h3 h5 7. d3 Qf6 8. Be3
Bxf3 9. Qxf3 Qxf3 10. gxf3 Bd6 11. Nd2 f5 12. exf5 O-O-O 13. Ne4 Nh6 14. Nxd6+
cxd6 15. f4 exf4 16. Bxf4 Nxf5 17. c3 Rhf8 18. Bg5 Rde8 19. Rfe1 Kd7 20. Kf1
Ng3+ 21. Kg2 Ne2 22. Be3 Nf4+ 23. Bxf4 Rxf4 24. Rxe8 Kxe8 25. Re1+ Kf7 26. Kg3
g5 27. f3 h4+ 28. Kf2 Rf6 29. Re4 Rf4 30. Ke3 Rxe4+ 31. fxe4 Kf6 32. Kf3 a5 33Kg4 b5 34. d4 c5 35. e5+ dxe5 36. dxe5+ Kxe5 37. Kxg5 c4 38. Kxh4 Kf4 39. Kh5
b4 40. a3 bxc3 41. bxc3 Ke3 42. Kg6 Kd3 43. h4 Kxc3 44. h5 Kb3 45. h6 c3 46. h7
c2 47. h8=Q c1=Q 48. Qf8 Qxa3 49. Qf3+ Ka2 50. Qd5+ Kb1 51. Qd1+ Qc1 52. Qb3+
Qb2 53. Qd1+ Ka2 54. Qd5+ 1/2-1/2

[Event "Gibtelecom Masters 8th"]
[Site "Gibraltar"]
[Date "2010.01.27"]
[Round "3.92"]
[White "Johnson, Paul A"]
[Black "Lacrosse, Marc"]
[Result "0-1"]
[WhiteElo "1904"]
[BlackElo "2220"]
[PlyCount "64"]
[EventDate "2010.01.26"]
[EventType "swiss"]
[EventRounds "10"]
[EventCountry "GGB"]
[SourceDate "2005.02.07"]

1. d4 d5 2. c4 e6 3. Nc3 Nf6 4. cxd5 exd5 5. Bg5 c6 6. e3 Nbd7 7. Nf3 Be7 8Bd3 O-O 9. Qc2 Re8 10. O-O-O a5 11. h3 a4 12. g4 a3 13. b3 Nf8 14. Ne5 N6d7 15Bf4 Nxe5 16. Bxe5 Be6 17. g5 Bxg5 18. Rdg1 f6 19. Bg3 Rc8 20. f4 Bh6 21. Na4
Bd7 22. Nc5 Rxe3 23. Bf2 Bxf4 24. Kb1 Re7 25. Nxd7 Qxd7 26. Bf5 Ne6 27. Bxh7+
Kh8 28. Bf5 Qd6 29. Qd1 Bh6 30. Qh5 Qf4 31. Rg2 Qd2 32. Bc2 Qc3 0-1

[Event "Gibtelecom Masters 8th"]
[Site "Gibraltar"]
[Date "2010.01.27"]
[Round "3.93"]
[White "Matto, Manuel"]
[Black "Tscharotschkin, Michael"]
[Result "0-1"]
[WhiteElo "1824"]
[BlackElo "2211"]
[PlyCount "60"]
[EventDate "2010.01.26"]
[EventType "swiss"]
[EventRounds "10"]
[EventCountry "GGB"]
[SourceDate "2005.02.07"]

1. d4 d5 2. Nf3 Bf5 3. Nc3 e6 4. a3 Nf6 5. g3 h6 6. Bg2 Be7 7. Bd2 O-O 8. Qc1
Ne4 9. h3 Nxd2 10. Qxd2 c5 11. g4 Bh7 12. h4 cxd4 13. Nxd4 Bxh4 14. Nf3 Bf6 15O-O-O Qa5 16. Nd4 Nc6 17. Nb3 Bxc3 18. Qxc3 Qxc3 19. bxc3 Ne5 20. Rh4 Rfc8 21g5 Rxc3 22. e4 Rac8 23. Nd4 Nd3+ 24. Kb1 Nxf2 25. Rd2 Nxe4 26. Bxe4 Bxe4 27gxh6 gxh6 28. Rxh6 e5 29. Rd1 exd4 30. Rg1+ Kf8 0-1

[Event "Gibtelecom Masters 8th"]
[Site "Gibraltar"]
[Date "2010.01.27"]
[Round "3.94"]
[White "Gonzalez Amaya, Millan"]
[Black "Ivanov, Stojan Emilov"]
[Result "1/2-1/2"]
[WhiteElo "1805"]
[BlackElo "2198"]
[PlyCount "57"]
[EventDate "2010.01.26"]
[EventType "swiss"]
[EventRounds "10"]
[EventCountry "GGB"]
[SourceDate "2005.02.07"]

1. e4 c5 2. Nc3 Nc6 3. Nge2 Nf6 4. g3 d5 5. exd5 Nxd5 6. Bg2 Nc7 7. O-O g6 8d3 Bg7 9. Be3 Ne6 10. Qd2 O-O 11. Bh6 Ncd4 12. Bxg7 Kxg7 13. Ne4 Rb8 14. c3
Nxe2+ 15. Qxe2 b6 16. Nxc5 Qd6 17. Nxe6+ Bxe6 18. Rfe1 Rfd8 19. d4 Rbc8 20. a3
Rc7 21. Qe5+ Qxe5 22. Rxe5 Bb3 23. Rae1 e6 24. f4 Bc4 25. Kf2 Rd6 26. g4 h6 27h4 Rdd7 28. R5e3 Rd6 29. Re5 1/2-1/2

[Event "Gibtelecom Masters 8th"]
[Site "Gibraltar"]
[Date "2010.01.27"]
[Round "3.95"]
[White "Kawuma, Steven Male"]
[Black "Chidi, Lovinia Sylvia"]
[Result "1-0"]
[WhiteElo "2187"]
[BlackElo "1832"]
[PlyCount "43"]
[EventDate "2010.01.26"]
[EventType "swiss"]
[EventRounds "10"]
[EventCountry "GGB"]
[SourceDate "2005.02.07"]

1. e4 e5 2. Nf3 Nc6 3. Bb5 a6 4. Ba4 Bc5 5. c3 b5 6. Bc2 d6 7. d3 Bb7 8. Nbd2
Nf6 9. h3 h6 10. Nf1 O-O 11. Ng3 d5 12. Qe2 d4 13. Nf5 Kh7 14. g4 Bc8 15. g5
Ng8 16. Bb3 Be6 17. gxh6 g6 18. Ng5+ Kh8 19. Bxe6 fxe6 20. Nxe6 Qf6 21. Nxc5
gxf5 22. Nd7 1-0

[Event "Gibtelecom Masters 8th"]
[Site "Gibraltar"]
[Date "2010.01.27"]
[Round "3.98"]
[White "Lovik, Lasse Ostebo"]
[Black "Hansen, Erle Andrea Marki"]
[Result "1-0"]
[WhiteElo "2343"]
[BlackElo "1699"]
[PlyCount "41"]
[EventDate "2010.01.26"]
[EventType "swiss"]
[EventRounds "10"]
[EventCountry "GGB"]
[SourceDate "2005.02.07"]

1. e4 c5 2. Nf3 d6 3. d4 cxd4 4. Nxd4 Nf6 5. Nc3 a6 6. Bg5 e6 7. f4 Be7 8. Qf3
Nbd7 9. O-O-O Qc7 10. g4 b5 11. Bxf6 Bxf6 12. Bxb5 Bxd4 13. Bxd7+ Bxd7 14. Rxd4
Rb8 15. Rhd1 Rb6 16. Qd3 Ke7 17. e5 Qb7 18. Rxd6 Rd8 19. Qxh7 g5 20. Qh6 gxf4
21. Rxb6 1-0

[Event "Gibtelecom Masters 8th"]
[Site "Gibraltar"]
[Date "2010.01.27"]
[Round "3.99"]
[White "Carlsen, Ingrid Oen"]
[Black "Kandic, Milan"]
[Result "0-1"]
[WhiteElo "1508"]
[BlackElo "2216"]
[PlyCount "124"]
[EventDate "2010.01.26"]
[EventType "swiss"]
[EventRounds "10"]
[EventCountry "GGB"]
[SourceDate "2005.02.07"]

1. e4 c5 2. Nf3 Nc6 3. d4 cxd4 4. Nxd4 e5 5. Nb5 a6 6. N5a3 Bc5 7. Nc3 Qb6 8Qd2 Bb4 9. Bd3 Nf6 10. O-O O-O 11. Nc4 Qd4 12. a3 Bxc3 13. Qxc3 Qxc3 14. bxc3
d5 15. Nb6 dxe4 16. Nxa8 exd3 17. Nb6 Bf5 18. cxd3 Bxd3 19. Rd1 e4 20. Bg5 Nh5
21. Nd5 h6 22. Be3 f5 23. Nf4 Nxf4 24. Bxf4 g5 25. Bd6 Rd8 26. Bc5 Rd5 27. Bb6
Rb5 28. Bc7 Rc5 29. Rdc1 Kf7 30. a4 Ke6 31. Bb6 Rc4 32. a5 Ne7 33. Ra3 Nd5 34g3 f4 35. Bd4 Kd7 36. Rb3 Kc8 37. Ra3 Rc6 38. Ra4 Bb5 39. Ra3 Bd3 40. Ra4 h5
41. Ra3 Ne7 42. Kg2 Nf5 43. Bb6 h4 44. Ra4 Re6 45. Re1 Bb5 46. Ra3 hxg3 47hxg3 Be2 48. Rxe2 f3+ 49. Kf1 fxe2+ 50. Kxe2 Nd6 51. Ra4 Kd7 52. Rd4 Kc6 53. c4
Re5 54. c5 Nc8 55. Ke3 Nxb6 56. cxb6 Rxa5 57. Kxe4 Kxb6 58. Rd5 Rxd5 59. Kxd5
g4 60. Ke4 a5 61. f4 gxf3 62. Kxf3 a4 0-1

[Event "Gibtelecom Masters 8th"]
[Site "Gibraltar"]
[Date "2010.01.28"]
[Round "4.1"]
[White "Fressinet, Laurent"]
[Black "Adams, Michael"]
[Result "1/2-1/2"]
[WhiteElo "2670"]
[BlackElo "2694"]
[PlyCount "61"]
[EventDate "2010.01.26"]
[EventType "swiss"]
[EventRounds "10"]
[EventCountry "GGB"]
[SourceDate "2005.02.07"]

1. d4 Nf6 2. c4 e6 3. Nf3 d5 4. Nc3 Be7 5. Bf4 O-O 6. e3 Nbd7 7. a3 c5 8. cxd5
Nxd5 9. Nxd5 exd5 10. dxc5 Nxc5 11. Be5 Bg4 12. Be2 Ne6 13. h3 Bxf3 14. Bxf3 d4
15. Bxd4 Nxd4 16. Qxd4 Qxd4 17. exd4 Rac8 18. O-O Rc7 19. Rac1 Rfc8 20. Rxc7
Rxc7 21. Re1 Kf8 22. Re2 b6 23. g3 Rc4 24. d5 a5 25. Re4 Rxe4 26. Bxe4 h6 27a4 Bc5 28. Kf1 Ke7 29. Ke2 Kd6 30. b3 Ke5 31. Bd3 1/2-1/2

[Event "Gibtelecom Masters 8th"]
[Site "Gibraltar"]
[Date "2010.01.28"]
[Round "4.2"]
[White "Vallejo Pons, Francisco"]
[Black "Gustafsson, Jan"]
[Result "1/2-1/2"]
[WhiteElo "2705"]
[BlackElo "2627"]
[PlyCount "60"]
[EventDate "2010.01.26"]
[EventType "swiss"]
[EventRounds "10"]
[EventCountry "GGB"]
[SourceDate "2005.02.07"]

1. e4 e5 2. Nf3 Nc6 3. Bb5 a6 4. Ba4 Nf6 5. O-O Be7 6. Nc3 b5 7. Bb3 d6 8. Nd5
Na5 9. Nxe7 Qxe7 10. Re1 Nxb3 11. axb3 c5 12. d3 O-O 13. Bd2 Bb7 14. Nh4 d5 15Nf5 Qe6 16. f3 g6 17. Nh6+ Kg7 18. Qe2 Nd7 19. Ng4 Rfe8 20. c4 d4 21. Bh6+ Kh8
22. Nf2 f6 23. Bd2 b4 24. Nh3 g5 25. Nf2 Kg8 26. Nh1 Nf8 27. Ng3 Ng6 28. Nf5
Ne7 29. g4 Nxf5 30. gxf5 Qf7 1/2-1/2

[Event "Gibtelecom Masters 8th"]
[Site "Gibraltar"]
[Date "2010.01.28"]
[Round "4.3"]
[White "Bacrot, Etienne"]
[Black "Stefanova, Antoaneta"]
[Result "1-0"]
[WhiteElo "2713"]
[BlackElo "2545"]
[PlyCount "181"]
[EventDate "2010.01.26"]
[EventType "swiss"]
[EventRounds "10"]
[EventCountry "GGB"]
[SourceDate "2005.02.07"]

1. e4 e5 2. Nf3 Nc6 3. Bb5 a6 4. Ba4 Nf6 5. O-O Be7 6. Re1 b5 7. Bb3 O-O 8. h3
d6 9. c3 Bb7 10. d4 Re8 11. Nbd2 Bf8 12. a3 h6 13. Bc2 Nb8 14. b4 Nbd7 15. Bb2
g6 16. Qb1 Nb6 17. Bb3 Nh5 18. dxe5 dxe5 19. c4 bxc4 20. Nxc4 Nxc4 21. Bxc4 Qf6
22. Qc1 Nf4 23. Qe3 Bd6 24. Bf1 Bc8 25. Nd2 h5 26. Nc4 Bf8 27. Kh2 h4 28. Rad1
Rb8 29. Qf3 Bg7 30. Bc1 Ne6 31. Qxf6 Bxf6 32. Bb2 Nf8 33. f4 Nd7 34. fxe5 Bg7
35. Rd5 Nb6 36. Ra5 Bb7 37. Nd2 Bh6 38. Nf3 Bf4+ 39. Kh1 Bg3 40. Rc1 Rbd8 41Bxa6 Bxe4 42. Be2 Bd3 43. Bxd3 Rxd3 44. Bd4 Rd8 45. Bg1 Nd5 46. Rac5 Nf4 47Rxc7 Ne2 48. Rb1 Rd1 49. Rxd1 Rxd1 50. Rc2 Nxg1 51. Nxg1 Ra1 52. Rd2 Kg7 53. b5
Bxe5 54. b6 Rxa3 55. Re2 Kf6 56. Nf3 Bg3 57. Rb2 Ra1+ 58. Ng1 Ke7 59. b7 Bb8
60. g4 Ra3 61. Kg2 Rg3+ 62. Kf1 f5 63. gxf5 gxf5 64. Rf2 f4 65. Rf3 Rg7 66. Rb3
Kd6 67. Nf3 Kd5 68. Nxh4 Kc6 69. Nf3 Kd5 70. h4 Kc4 71. Nd2+ Kd5 72. Kf2 Kc6
73. Nc4 Rh7 74. Na5+ Kd7 75. Rc3 Bc7 76. Rd3+ Ke6 77. Rc3 Kd7 78. Rd3+ Ke6 79Rh3 Rh8 80. Rc3 Kd7 81. Rd3+ Ke6 82. Nc6 Rxh4 83. Nd4+ Kf6 84. Rc3 Bb8 85. Rc6+
Ke5 86. Rc8 Rh2+ 87. Kg1 Rb2 88. Rxb8 Kd6 89. Ne6 Kc6 90. Nd8+ Kd7 91. Ra8 1-0

[Event "Gibtelecom Masters 8th"]
[Site "Gibraltar"]
[Date "2010.01.28"]
[Round "4.4"]
[White "Cramling, Pia"]
[Black "Movsesian, Sergei"]
[Result "1/2-1/2"]
[WhiteElo "2528"]
[BlackElo "2708"]
[PlyCount "61"]
[EventDate "2010.01.26"]
[EventType "swiss"]
[EventRounds "10"]
[EventCountry "GGB"]
[SourceDate "2005.02.07"]

1. d4 e6 2. c4 Nf6 3. Nf3 d5 4. Nc3 dxc4 5. e3 a6 6. a4 c5 7. Bxc4 Nc6 8. O-Be7 9. dxc5 Qc7 10. b3 Bxc5 11. Bb2 O-O 12. Qc2 Nb4 13. Qb1 Bd7 14. Ne4 Be7 15Nxf6+ Bxf6 16. Bxf6 gxf6 17. Qb2 Kg7 18. Rac1 Bc6 19. Nd4 Qe5 20. Qd2 a5 21Rfd1 Rad8 22. Qe2 Kh8 23. Nxc6 bxc6 24. Rxd8 Rxd8 25. Rd1 Rxd1+ 26. Qxd1 Kg7
27. h3 f5 28. Qd2 Qa1+ 29. Kh2 Qe5+ 30. Kg1 Qa1+ 31. Kh2 1/2-1/2

[Event "Gibtelecom Masters 8th"]
[Site "Gibraltar"]
[Date "2010.01.28"]
[Round "4.5"]
[White "Kamsky, Gata"]
[Black "Naumann, Alexander"]
[Result "1/2-1/2"]
[WhiteElo "2693"]
[BlackElo "2525"]
[PlyCount "110"]
[EventDate "2010.01.26"]
[EventType "swiss"]
[EventRounds "10"]
[EventCountry "GGB"]
[SourceDate "2005.02.07"]

1. Nf3 Nf6 2. g3 g6 3. Bg2 Bg7 4. O-O O-O 5. c4 d5 6. d4 dxc4 7. Na3 Nc6 8Nxc4 Be6 9. b3 Bd5 10. Bb2 a5 11. a4 Qc8 12. e3 Rd8 13. Qe2 Qe6 14. Rfd1 h6 15Rac1 Nb4 16. Ba3 b6 17. Nfe5 Bxg2 18. Kxg2 c5 19. Bxb4 axb4 20. Qf3 Rac8 21dxc5 Rxd1 22. Rxd1 Rxc5 23. Qb7 Kh7 24. Nd7 Rh5 25. Nxf6+ Bxf6 26. Kg1 Qh3 27Nxb6 Qxh2+ 28. Kf1 Qh3+ 29. Ke2 Rf5 30. Qe4 Qh5+ 31. g4 Qh4 32. Qg2 Rc5 33. Nc4
Bc3 34. a5 Qf6 35. Qe4 Rc7 36. Qf4 Qxf4 37. exf4 h5 38. g5 Kg7 39. Kf3 f6 40Nb6 Ra7 41. Rd5 Kf7 42. Nc4 Ra8 43. Rb5 Ke6 44. f5+ Kf7 45. gxf6 Kxf6 46. Nb6
Ra6 47. Nd5+ Kf7 48. fxg6+ Rxg6 49. Nxb4 h4 50. Nd3 h3 51. Rh5 h2 52. b4 Rd6
53. Ke2 Re6+ 54. Kd1 Rd6 55. Kc2 Rc6 1/2-1/2

[Event "Gibtelecom Masters 8th"]
[Site "Gibraltar"]
[Date "2010.01.28"]
[Round "4.6"]
[White "Fridman, Daniel"]
[Black "Kosteniuk, Alexandra"]
[Result "1-0"]
[WhiteElo "2654"]
[BlackElo "2523"]
[PlyCount "73"]
[EventDate "2010.01.26"]
[EventType "swiss"]
[EventRounds "10"]
[EventCountry "GGB"]
[SourceDate "2005.02.07"]

1. Nf3 Nf6 2. c4 e6 3. g3 d5 4. b3 c5 5. Bg2 Nc6 6. O-O Be7 7. e3 b6 8. Bb2 O-9. Nc3 Bb7 10. cxd5 exd5 11. d4 Qd7 12. Ne5 Qe6 13. Nb5 Rfc8 14. f4 Bf8 15. g4
a6 16. g5 axb5 17. gxf6 Qxf6 18. Bxd5 Nd8 19. Bxb7 Nxb7 20. Qf3 Rc7 21. dxc5
bxc5 22. Rf2 Qf5 23. e4 Qc8 24. Ng4 Ra6 25. Rg2 Rcc6 26. Kh1 c4 27. bxc4 bxc4
28. Qc3 Qe6 29. f5 Qd6 30. e5 Qd3 31. e6 Qxc3 32. Nh6+ Kh8 33. Nxf7+ Kg8 34Nh6+ Kh8 35. Bxc3 Rc7 36. Re1 Ra3 37. f6 1-0

[Event "Gibtelecom Masters 8th"]
[Site "Gibraltar"]
[Date "2010.01.28"]
[Round "4.7"]
[White "Sandipan, Chanda"]
[Black "Bindrich, Falko"]
[Result "1-0"]
[WhiteElo "2622"]
[BlackElo "2512"]
[PlyCount "117"]
[EventDate "2010.01.26"]
[EventType "swiss"]
[EventRounds "10"]
[EventCountry "GGB"]
[SourceDate "2005.02.07"]

1. d4 Nf6 2. c4 e6 3. Nc3 Bb4 4. g3 c5 5. Nf3 Nc6 6. Bg2 Ne4 7. Bd2 Nxd2 8Qxd2 cxd4 9. Nxd4 Ne5 10. Nc2 Be7 11. b3 O-O 12. O-O a6 13. Rfd1 Rb8 14. Rac1
b5 15. Qe3 Qc7 16. cxb5 Ng4 17. Qd2 axb5 18. Nd5 exd5 19. Ne3 Qa7 20. Nxg4 Ba3
21. Rc2 d6 22. Qg5 Bxg4 23. Qxg4 Bc5 24. e3 b4 25. Bxd5 Rbe8 26. Kg2 Kh8 27Rcd2 Qe7 28. Qf4 Qe5 29. Qxe5 Rxe5 30. h4 h5 31. e4 g6 32. f4 Re7 33. f5 gxf5
34. exf5 Kg7 35. Bf3 Rh8 36. Re2 Rxe2+ 37. Bxe2 Kf6 38. Rd5 Ra8 39. Bxh5 Rxa2+
40. Kh3 Kg7 41. Bd1 Rf2 42. Kg4 Kf6 43. Bf3 Rb2 44. Rd3 Rc2 45. Kf4 Rh2 46. h5
Kg7 47. g4 f6 48. g5 Rb2 49. Bd5 Rf2+ 50. Kg4 fxg5 51. Kxg5 Re2 52. f6+ Kh7 53f7 Rf2 54. h6 Rf1 55. Rg3 Bb6 56. Bf3 Be3+ 57. Kh5 Bxh6 58. Be4+ Kh8 59. Rg8#
1-0

[Event "Gibtelecom Masters 8th"]
[Site "Gibraltar"]
[Date "2010.01.28"]
[Round "4.8"]
[White "Koneru, Humpy"]
[Black "Hoffmann, Michael"]
[Result "1-0"]
[WhiteElo "2614"]
[BlackElo "2508"]
[PlyCount "97"]
[EventDate "2010.01.26"]
[EventType "swiss"]
[EventRounds "10"]
[EventCountry "GGB"]
[SourceDate "2005.02.07"]

1. d4 e6 2. c4 Nf6 3. Nf3 c5 4. d5 d6 5. Nc3 exd5 6. cxd5 g6 7. Nd2 Bg7 8. e4
O-O 9. Be2 Na6 10. O-O Ne8 11. Nc4 Nac7 12. a4 f5 13. exf5 Rxf5 14. Bd3 Rf8 15Qb3 Kh8 16. Bd2 Bd4 17. Ne2 Bg7 18. Nf4 Nf6 19. Bxg6 hxg6 20. Nxg6+ Kg8 21Nxf8 Qxf8 22. Bf4 Ncxd5 23. Bxd6 Qf7 24. Rfe1 b6 25. Be5 Be6 26. Nd6 Qg6 27Rad1 Rf8 28. Bg3 Bf7 29. Nxf7 Qxf7 30. Bd6 Rc8 31. Be5 Rf8 32. f4 Nb4 33. Qxf7+
Rxf7 34. Re2 Bf8 35. g4 Nfd5 36. Re4 c4 37. Kg2 Nd3 38. Kg3 Bc5 39. Rf1 Nxe5
40. Rxe5 Nb4 41. Re4 Nd3 42. Rxc4 Nxb2 43. Re4 a5 44. g5 Bb4 45. f5 Nxa4 46. f6
Nc3 47. Re8+ Rf8 48. g6 Bd6+ 49. Kh3 1-0

[Event "Gibtelecom Masters 8th"]
[Site "Gibraltar"]
[Date "2010.01.28"]
[Round "4.9"]
[White "Cmilyte, Viktorija"]
[Black "Edouard, Romain"]
[Result "0-1"]
[WhiteElo "2489"]
[BlackElo "2608"]
[PlyCount "82"]
[EventDate "2010.01.26"]
[EventType "swiss"]
[EventRounds "10"]
[EventCountry "GGB"]
[SourceDate "2005.02.07"]

1. Nf3 c5 2. c4 Nc6 3. d4 cxd4 4. Nxd4 g6 5. g3 Bg7 6. Nc2 d6 7. Bg2 Be6 8. Ne3
Qd7 9. Nc3 Rc8 10. Ncd5 Bh3 11. Bxh3 Qxh3 12. Qb3 Qd7 13. Bd2 Nh6 14. h4 O-15. Bc3 Ne5 16. h5 e6 17. Nb4 a5 18. Nbc2 Qc6 19. O-O-O a4 20. Qb4 Nxc4 21hxg6 hxg6 22. Nxc4 Qxc4 23. Qxc4 Rxc4 24. Bxg7 Kxg7 25. Rxd6 Ng4 26. Rf1 Rfc8
27. Rd2 Nf6 28. e3 Ne4 29. Re2 R4c5 30. a3 Rf5 31. g4 Rf6 32. Rd1 Nxf2 33. Rd4
e5 34. g5 Rf5 35. Rd7 e4 36. Kd2 Nd3 37. Nd4 Rf1 38. Rh2 Nc5 39. Rd5 Rb1 40Rh4 Nb3+ 41. Nxb3 axb3 0-1

[Event "Gibtelecom Masters 8th"]
[Site "Gibraltar"]
[Date "2010.01.28"]
[Round "4.10"]
[White "Shankland, Samuel L"]
[Black "Lopez Martinez, Josep Manu"]
[Result "1/2-1/2"]
[WhiteElo "2491"]
[BlackElo "2593"]
[PlyCount "77"]
[EventDate "2010.01.26"]
[EventType "swiss"]
[EventRounds "10"]
[EventCountry "GGB"]
[SourceDate "2005.02.07"]

1. d4 Nf6 2. c4 g6 3. Nc3 Bg7 4. e4 d6 5. Nf3 O-O 6. Be2 e5 7. d5 a5 8. h3 Na6
9. Bg5 Qe8 10. Nd2 Nd7 11. O-O Ndc5 12. Re1 f5 13. Be3 Qd8 14. exf5 gxf5 15. f4
e4 16. a3 Bd7 17. Rc1 a4 18. Nf1 Qh4 19. Kh2 Bh6 20. g3 Qe7 21. Nb5 Nb3 22. Rc2
Bg7 23. Nd4 Nbc5 24. Bf2 c6 25. Rd2 cxd5 26. Nb5 dxc4 27. Bxc4+ Be6 28. Bxc5
dxc5 29. Qxa4 Kh8 30. Qb3 Bxc4 31. Qxc4 Rad8 32. Red1 Bxb2 33. Rxd8 Rxd8 34Rxd8+ Qxd8 35. Qf7 Qf6 36. Qxb7 Bc1 37. Qd7 Qb2+ 38. Kh1 Qe2 39. Qe8+ 1/2-1/2

[Event "Gibtelecom Masters 8th"]
[Site "Gibraltar"]
[Date "2010.01.28"]
[Round "4.11"]
[White "Gopal, Geetha Narayanan"]
[Black "Javakhishvili, Lela"]
[Result "1-0"]
[WhiteElo "2584"]
[BlackElo "2493"]
[PlyCount "103"]
[EventDate "2010.01.26"]
[EventType "swiss"]
[EventRounds "10"]
[EventCountry "GGB"]
[SourceDate "2005.02.07"]

1. e4 c5 2. Nf3 e6 3. d4 cxd4 4. Nxd4 Nc6 5. Nc3 Qc7 6. Be3 a6 7. Qd2 Nf6 8O-O-O Be7 9. f3 h5 10. Nxc6 bxc6 11. Bf4 e5 12. Bg5 a5 13. f4 O-O 14. fxe5 Qxe5
15. Bf4 Qe6 16. e5 Ng4 17. Re1 Rb8 18. h3 Nh6 19. g4 Bh4 20. Rd1 f6 21. Qd6
Qxd6 22. exd6 g5 23. Bd2 Rb4 24. Bd3 hxg4 25. Ne2 gxh3 26. Bxb4 axb4 27. Rxh3
f5 28. Nd4 Rf6 29. Nf3 Bf2 30. Nxg5 Ng4 31. Nf3 Kg7 32. Nh4 Ne3 33. Rd2 Bxh4
34. Rxh4 c5 35. Re2 Re6 36. Kd2 Nf1+ 37. Ke1 Ne3 38. Kf2 Nd1+ 39. Kg3 Rxd6 40Re7+ Kg6 41. Rhh7 Rd5 42. Reg7+ Kf6 43. Rf7+ Kg6 44. Rhg7+ Kh6 45. Rg8 Rxd3+
46. cxd3 Ba6 47. Rf6+ Kh7 48. Re8 Bb5 49. Re7+ Kg8 50. Rb6 Kf8 51. Re1 f4+ 52Kh2 1-0

[Event "Gibtelecom Masters 8th"]
[Site "Gibraltar"]
[Date "2010.01.28"]
[Round "4.12"]
[White "Cori Tello, Jorge"]
[Black "Felgaer, Ruben"]
[Result "0-1"]
[WhiteElo "2483"]
[BlackElo "2573"]
[PlyCount "80"]
[EventDate "2010.01.26"]
[EventType "swiss"]
[EventRounds "10"]
[EventCountry "GGB"]
[SourceDate "2005.02.07"]

1. e4 c5 2. Nf3 Nc6 3. d4 cxd4 4. Nxd4 d6 5. c4 Nf6 6. Nc3 g6 7. Be2 Bg7 8. Be3
O-O 9. O-O Bd7 10. Rc1 Nxd4 11. Bxd4 Bc6 12. f3 a5 13. b3 Nd7 14. Bxg7 Kxg7 15Qd4+ Kg8 16. a3 Nc5 17. Rb1 e5 18. Qe3 Ne6 19. Rfd1 f5 20. Bd3 Kh8 21. Ne2 f4
22. Qf2 g5 23. Bc2 Qe7 24. Rd2 g4 25. Kh1 gxf3 26. gxf3 Rg8 27. Rg1 Ng5 28. Rg2
Nh3 29. Qf1 Rxg2 30. Qxg2 Bd7 31. Qf1 Rg8 32. Nc3 Rg1+ 33. Qxg1 Nxg1 34. Kxg1
Bh3 35. Rf2 Qg7+ 36. Kh1 Qc7 37. Kg1 Qc5 38. Nd1 Qxa3 39. Rd2 Qc5+ 40. Kh1 Qb4
0-1

[Event "Gibtelecom Masters 8th"]
[Site "Gibraltar"]
[Date "2010.01.28"]
[Round "4.13"]
[White "Lemos, Damian"]
[Black "Hirneise, Tobias"]
[Result "1/2-1/2"]
[WhiteElo "2556"]
[BlackElo "2421"]
[PlyCount "59"]
[EventDate "2010.01.26"]
[EventType "swiss"]
[EventRounds "10"]
[EventCountry "GGB"]
[SourceDate "2005.02.07"]

1. d4 d5 2. c4 c6 3. Nf3 Nf6 4. e3 Bf5 5. Nc3 e6 6. Nh4 Be4 7. f3 Bg6 8. Qb3
Qc7 9. Bd2 Be7 10. cxd5 cxd5 11. Rc1 Nc6 12. Nxg6 hxg6 13. g3 a6 14. Bd3 Rc8
15. O-O O-O 16. Ne2 Qb8 17. f4 Rc7 18. Rc2 Rfc8 19. Rfc1 Bd6 20. Kg2 Ne7 21Rxc7 Rxc7 22. Rxc7 Qxc7 23. Qc2 Qxc2 24. Bxc2 Ne4 25. Be1 Nf6 26. Kf3 Nd7 27Nc1 f5 28. Nd3 Nc6 29. Ke2 Kf7 30. h3 1/2-1/2

[Event "Gibtelecom Masters 8th"]
[Site "Gibraltar"]
[Date "2010.01.28"]
[Round "4.14"]
[White "Zhukova, Natalia"]
[Black "Malakhatko, Vadim"]
[Result "1/2-1/2"]
[WhiteElo "2462"]
[BlackElo "2549"]
[PlyCount "39"]
[EventDate "2010.01.26"]
[EventType "swiss"]
[EventRounds "10"]
[EventCountry "GGB"]
[SourceDate "2005.02.07"]

1. c4 c6 2. e4 d5 3. exd5 cxd5 4. cxd5 Nf6 5. Nc3 Nxd5 6. Nf3 Nxc3 7. bxc3 Qc7
8. d4 Nd7 9. Qb3 e6 10. Bd3 Bd6 11. O-O O-O 12. Re1 b6 13. Re4 Nf6 14. Rh4 h6
15. Qc2 Bb7 16. Bxh6 Rfc8 17. Bd2 Bxf3 18. gxf3 Kf8 19. c4 Ke7 20. c5 1/2-1/2

[Event "Gibtelecom Masters 8th"]
[Site "Gibraltar"]
[Date "2010.01.28"]
[Round "4.15"]
[White "Havik, Victor"]
[Black "Lenderman, Alex"]
[Result "0-1"]
[WhiteElo "2093"]
[BlackElo "2560"]
[PlyCount "70"]
[EventDate "2010.01.26"]
[EventType "swiss"]
[EventRounds "10"]
[EventCountry "GGB"]
[SourceDate "2005.02.07"]

1. d4 d5 2. c4 c6 3. Nc3 Nf6 4. cxd5 cxd5 5. Bf4 a6 6. e3 e6 7. Bd3 Bd6 8. Bxd6
Qxd6 9. f4 b5 10. Nf3 Bb7 11. a3 Nbd7 12. Ne5 Rc8 13. O-O Ne4 14. Bxe4 dxe4 15Nxd7 Qxd7 16. Qh5 O-O 17. f5 f6 18. fxe6 Qxe6 19. d5 Qb6 20. Qe2 f5 21. g3 g6
22. Rad1 Rc4 23. Rd2 Bc8 24. Na2 Bd7 25. b3 Rcc8 26. Rd4 Qd6 27. b4 Rc7 28Rfd1 h5 29. R1d2 Rfc8 30. Kg2 Be8 31. Qf2 Bf7 32. Qf1 Kf8 33. Qa1 Ke7 34. Rd1
Rc2+ 35. R4d2 Qxd5 0-1

[Event "Gibtelecom Masters 8th"]
[Site "Gibraltar"]
[Date "2010.01.28"]
[Round "4.16"]
[White "Stephan, Axel"]
[Black "Cheparinov, Ivan"]
[Result "1/2-1/2"]
[WhiteElo "2252"]
[BlackElo "2660"]
[PlyCount "87"]
[EventDate "2010.01.26"]
[EventType "swiss"]
[EventRounds "10"]
[EventCountry "GGB"]
[SourceDate "2005.02.07"]

1. e4 g6 2. d4 Bg7 3. Nc3 d6 4. Be3 c6 5. Qd2 Nd7 6. f3 b5 7. g4 Bb7 8. Nge2 a6
9. Bg2 Nb6 10. b3 Nf6 11. h4 h5 12. g5 Nfd7 13. f4 c5 14. O-O b4 15. Nd1 cxd4
16. Bxd4 e5 17. Bb2 Qc7 18. f5 gxf5 19. Rxf5 Nf8 20. Qxb4 Ng6 21. Qe1 d5 22exd5 Nxd5 23. Qg3 O-O 24. Bxd5 Bxd5 25. Ne3 Be4 26. Rf2 Rad8 27. Nc3 Bb7 28Raf1 Qc6 29. Kh2 Rd4 30. Nf5 Rg4 31. Qh3 e4 32. Nd5 Qxd5 33. Bxg7 Bc8 34. Nh6+
Kxg7 35. Rxf7+ Rxf7 36. Rxf7+ Kh8 37. Qc3+ Qe5+ 38. Qxe5+ Nxe5 39. Rf8+ Kg7 40Rxc8 Nf3+ 41. Kh3 Ng1+ 42. Kh2 Nf3+ 43. Kh3 Ng1+ 44. Kh2 1/2-1/2

[Event "Gibtelecom Masters 8th"]
[Site "Gibraltar"]
[Date "2010.01.28"]
[Round "4.17"]
[White "Istratescu, Andrei"]
[Black "Kozlov, Oleg"]
[Result "1-0"]
[WhiteElo "2607"]
[BlackElo "2279"]
[PlyCount "57"]
[EventDate "2010.01.26"]
[EventType "swiss"]
[EventRounds "10"]
[EventCountry "GGB"]
[SourceDate "2005.02.07"]

1. e4 c5 2. Nf3 e6 3. d4 cxd4 4. Nxd4 a6 5. Bd3 Qb6 6. Be3 Qxb2 7. Nd2 Qc3 8O-O Qc7 9. e5 d6 10. f4 Nd7 11. f5 Nxe5 12. fxe6 fxe6 13. Ne4 Be7 14. Qh5+ g6
15. Qh3 Qd7 16. Rae1 Kd8 17. Ng5 Bxg5 18. Bxg5+ Kc7 19. Rf8 Qg7 20. Ref1 Ne7
21. Rxc8+ Kxc8 22. Nxe6 Qg8 23. Rf8+ Qxf8 24. Nxf8+ Nf5 25. Nxg6 Nxg6 26. Bxf5+
Kc7 27. Qc3+ Kb8 28. Bxg6 Rg8 29. Qf6 1-0